Catálogo
 En Linea

Introduction to social welfare institutions : (Registro nro. 12675)

Detalles MARC
000 -CABECERA
campo de control de longitud fija 00874cam a2200241 a 4500
001 - NÚMERO DE CONTROL
campo de control 000013031
005 - FECHA Y HORA DE LA ÚLTIMA TRANSACCIÓN
campo de control 20200929163127.0
008 - DATOS DE LONGITUD FIJA--INFORMACIÓN GENERAL
campo de control de longitud fija 820301s1982 ilua b 001 0 eng
020 ## - NÚMERO INTERNACIONAL ESTÁNDAR DEL LIBRO
Número Internacional Estándar del Libro 0256026769
040 ## - FUENTE DE LA CATALOGACIÓN
Centro catalogador/agencia de origen DO-SdBNP
Lengua de catalogación eng
Centro/agencia transcriptor LC
Centro/agencia modificador BNPHU
082 ## - NÚMERO DE LA CLASIFICACIÓN DECIMAL DEWEY
Número de clasificación 362
Número de documento/Ítem Z38i
049 ## - FONDOS LOCALES (OCLC)
Fondos de biblioteca BNGR
100 1# - ENTRADA PRINCIPAL--NOMBRE DE PERSONA
Nombre de persona Zastrow, Charles.
9 (RLIN) 30085
245 10 - MENCIÓN DE TÍTULO
Título Introduction to social welfare institutions :
Resto del título social problems, services, and current issues /
Mención de responsabilidad, etc. Charles Zastrow.
260 ## - PUBLICACIÓN, DISTRIBUCIÓN, ETC.
Lugar de publicación, distribución, etc. Homewood :
Nombre del editor, distribuidor, etc. Dorsey Press,
Fecha de publicación, distribución, etc. 1982.
300 ## - DESCRIPCIÓN FÍSICA
Extensión ix, 586 p. :
Otras características físicas il. ;
Dimensiones 25 cm.
490 14 - MENCIÓN DE SERIE
Mención de serie The Dorsey in Social Welfare
650 #4 - PUNTO DE ACCESO ADICIONAL DE MATERIA--TÉRMINO DE MATERIA
Término de materia o nombre geográfico como elemento de entrada Servicio social
Subdivisión geográfica Estados Unidos
9 (RLIN) 30086
650 #4 - PUNTO DE ACCESO ADICIONAL DE MATERIA--TÉRMINO DE MATERIA
Término de materia o nombre geográfico como elemento de entrada Servicio social
Subdivisión general Orientación profesional
Subdivisión geográfica Estados Unidos
9 (RLIN) 30087
650 #0 - PUNTO DE ACCESO ADICIONAL DE MATERIA--TÉRMINO DE MATERIA
Término de materia o nombre geográfico como elemento de entrada Asistencia pública
Subdivisión geográfica Estados Unidos
9 (RLIN) 30088
830 #0 - PUNTO DE ACCESO ADICIONAL DE SERIE-TÍTULO UNIFORME
Título uniforme The Dorsey in Social Welfare
9 (RLIN) 30089
910 ## - DATOS DE OPCIÓN DEL USUARIO (OCLC)
Datos de opción del usuario Catalogación por copia / LC
Existencias
Estado de retiro Estado de pérdida Restricciones de uso No para préstamo Código de colección Localización permanente Ubicación/localización actual Ubicación en estantería Fecha de adquisición Número de inventario Total de préstamos Signatura topográfica completa Código de barras Fecha visto por última vez Precio válido a partir de Tipo de ítem Koha
    Préstamo interno   Monografías: Libros y Folletos General General En catalogación 19.11.2009 LF1   362 Z38i 13031-10 25.06.2020 25.06.2020 Préstamo interno

Con tecnología Koha